Psicología práctica

Uloženo v:
Podrobná bibliografie
Hlavní autor: Burtt, H. E (Autor)
Médium: Kniha
Jazyk:španělština
Vydáno: Madrid Morata 1966
Témata:
Tagy: Přidat tag
Žádné tagy, Buďte první, kdo vytvoří štítek k tomuto záznamu!

MARC

LEADER 00000nam a2200000 a 4500
001 UCZ0430
003 CL-VaPUC
008 950728e19660000SP |||||||||||||||||spa|d
082 0 4 |a 158  |b BUR  |2 21 
100 0 |a Burtt, H. E  |e author  |9 343265 
245 1 0 |a Psicología práctica 
300 |a 3 v 
942 |c BK 
945 |d 19950728 00:00:00  |a mfernand 
260 |a Madrid  |b Morata  |c 1966 
650 0 |a Psicología aplicada   |9 270762 
650 0 |a Psicología educacional   |9 307830 
650 7 |a ORIENTACION EDUCACIONAL  |2 CL-VaPUC  |9 312512 
650 0 |a Tests psicológicos  |9 308644 
650 0 |a Psicología clínica  |9 307259 
650 7 |a PSICOLOGIA CRIMINAL  |2 CL-VaPUC  |9 256274 
650 0 |a Personalidad   |9 307255 
650 0 |a Delincuencia  |9 335739 
650 0 |a Psicología industrial  |9 271739 
650 0 |a Comercio  |9 255341 
650 0 |a Publicidad  |9 314572 
583 |a last modification  |c 19950728 00:00:00  |k Rodrigo Vera 
999 |c 237359  |d 237357 
952 |0 0  |1 0  |4 0  |6 158_000000000000000_BUR_1966  |7 0  |8 P  |9 246342  |a BIBEDU  |b BIBEDU  |c BIBEDU_PB  |d 2019-11-18  |h v.1  |i 1543873  |o 158 BUR 1966  |p 1543873  |r 2024-01-25  |w 2019-11-18  |y BK  |k EDU 
952 |0 0  |1 0  |4 0  |6 158_000000000000000_BUR_1966  |7 0  |8 P  |9 246343  |a BIBEDU  |b BIBEDU  |c BIBEDU_PB  |d 2019-11-18  |h v.2  |i 1543881  |o 158 BUR 1966  |p 1543881  |r 2024-01-25  |w 2019-11-18  |y BK  |k EDU 
952 |0 0  |1 0  |4 0  |6 158_000000000000000_BUR_1966  |7 0  |8 P  |9 246344  |a BIBEDU  |b BIBEDU  |c BIBEDU_PB  |d 2019-11-18  |h v.3  |i 154389K  |o 158 BUR 1966  |p 154389K  |r 2024-01-25  |w 2019-11-18  |y BK  |k EDU